| 000 | 01035nam a2200229Ia 4500 | ||
|---|---|---|---|
| 001 | 14902 | ||
| 005 | 20260408112321.0 | ||
| 008 | 260306t2015||||xx |||||||||||||| ||spa|| | ||
| 041 | _aESP | ||
| 082 |
_a519.5 _bL65 2015 |
||
| 100 |
_aLind, Douglas A. _eAUT |
||
| 245 | 0 | _aEstadística aplicada a los negocios y la economía | |
| 260 | _c2015 | ||
| 300 |
_axxiv, 733 páginas : _c27 cm. |
||
| 650 | _aGEN | ||
| 654 | _aCAN | ||
| 856 |
_uhttps://itmsp.museknowledge.com/UCSP?url=https://www.ebooks7-24.com:443/?il=9246&pg=1 _zVersión digital (2019) |
||
| 856 |
_uhttps://0u213vm1a-y-https-ebooks7--24-com.itmsp.museknowledge.com/biblioteca.aspx _zVéase además: Base de datos Ebook7-24 |
||
| 856 |
_uhttps://0u20fvm23-y-https-research-ebsco-com.itmsp.museknowledge.com/c/qxo6us/search _zVéase además: Base de datos EBSCOhost |
||
| 856 |
_uhttps://0u20vvlzl-y-https-ebookcentral-proquest-com.itmsp.museknowledge.com/lib/catolicasp/home.action _zVéase además: Base de datos ProQuest Ebook Central |
||
| 942 |
_cLIB _dJUS _fJUS _2ddc |
||
| 999 |
_c14902 _d14902 |
||